El ingenioso hidalgo don Quijote de la Mancha / (Registro nro. 9157)
[ vista simple ]
| 000 -LIDER | |
|---|---|
| fixed length control field | 00827nam a22002657a 4500 |
| 003 - IDENTIFICACDOR DE NÚMERO DE CONTROL | |
| control field | DO-SdBNP |
| 005 - DATE AND TIME OF LATEST TRANSACTION | |
| control field | 20180125144235.0 |
| 008 - ELEMENTOS DE LONGITUD FIJA | |
| fixed length control field | 830825k 1978 mx 000 f spa d |
| 040 ## - FUENTE DE CATALOGACIÓN | |
| Agencia que crea de manera original el registro | BPMSU |
| Idioma de catalogación | spa |
| Agencia que realiza la transcripción | BPMSU |
| 092 ## - LOCALLY ASSIGNED DEWEY DECIMAL CALL NUMBER | |
| Número de clasificación | 863.3 |
| Número de ítem (Cutter) | C419d, 1978 |
| 100 1# - ASIENTO PRINCIPAL -- NOMBRE PERSONAL | |
| Nombre personal | Cervantes Saavedra, Miguel de, |
| Fechas asociadas con el nombre | 1547-1616. |
| 245 13 - MENCIÓN DE TITULO | |
| Título | El ingenioso hidalgo don Quijote de la Mancha / |
| Mención de responsabilidad | Miguel de Cervantes Saavedra ; ilustración Gustavo Doré |
| 250 ## - MENCIÓN DE EDICION | |
| Mención de edición | 15a ed. |
| 260 ## - PUBLICACIÓN, DISTRIBUCIÓN, ETC. (PIE DE IMPRENTA) | |
| Lugar de publicación, distribución, etc | México : |
| Nombre del editor, distribuidor, etc. | Cumbre, |
| Fecha de publicación, distribución, etc | 1978. |
| 300 ## - DESCRIPCIÓN FÍSICA | |
| Extensión | v. : |
| Otros detalles físicos | il. ; |
| Dimensiones | 21 cm. |
| 490 1# - MENCIÓN DE SERIES | |
| Mención de serie | Grolier |
| 500 ## - NOTA GENERAL | |
| Nota general | La biblioteca posee el volumen 2 |
| 650 #4 - ENCABEZAMIENTO DE MATERIA--TEMÁTICO | |
| Término temático o nombre geográfico como elemento de entrada | NOVELA ESPAÑOLA |
| 650 #4 - ENCABEZAMIENTO DE MATERIA--TEMÁTICO | |
| Término temático o nombre geográfico como elemento de entrada | LITERATURA ESPAÑOLA |
| 700 1# - ASIENTO SECUNDARIO -- NOMBRE PERSONAL | |
| Nombre personal | Doré, Gustavo, |
| Mención de responsabilidad | il. |
| 830 #0 - ASIENTO SECUNDARIO DE SERIE--TÍTULO UNIFORME | |
| Título uniforme | Grolier |
| 942 ## - ADDED ENTRY ELEMENTS (KOHA) | |
| Source of classification or shelving scheme | Dewey Decimal Classification |
| Koha item type | Libros |
| 945 ## - INFORMACIÓN DE PROCESAMIENTO LOCAL | |
| Información de procesamiento local | Inventariado, 2018 / BT |
| 956 ## - LOCAL ELECTRONIC LOCATION AND ACCESS (OCLC) | |
| Nombre de host | BTAVAREZ |
| Número de acceso | 10 |
| Trayectoria | 20180125 |
| Nombre Electrónico | BPMSU |
| Procesador de solicitud | 0038 |
| Withdrawn status | Lost status | Source of classification or shelving scheme | Damaged status | Not for loan | Collection code | Home library | Current library | Date acquired | Source of acquisition | Total Checkouts | Barcode | Date last seen | Price effective from | Koha item type |
|---|---|---|---|---|---|---|---|---|---|---|---|---|---|---|
| Dewey Decimal Classification | Colección Juvenil General | Biblioteca Pública Metropolitana Salomé Ureña | Biblioteca Pública Metropolitana Salomé Ureña | 03/09/2016 | FUNDI | BPMSU16030019 | 03/09/2016 | 03/09/2016 | Libros |